000
00339 a2200169 4500
001
184343
020
_a
85-88609-22-3
040
_c
Magnum
100
_a
Amaro, Austen
240
1
0
_a
Juiz de fora
_l
por
245
1
0
_a
Juiz de fora
300
_a
90
362
0
_a
2004
440
1
_a
Miguilim
697
_a
LITERATURA GERAL
942
_c
BK
999
_c
184343
_d
184343